000
00289nam a2200133Ia 4500
005
20251013221649.0
008
251010s9999 xx 000 0 und d
041
_a
eng
100
_a
Hailey, H.
_9
214248
245
_a
Wheels
250
_a
1ST
260
_b
Macmillan
_c
1976
300
_a
414
999
_c
368527
_d
368527